<?xml version="1.0" encoding="UTF-8"?>
<record
    xmlns:xsi="http://www.w3.org/2001/XMLSchema-instance"
    xsi:schemaLocation="http://www.loc.gov/MARC21/slim http://www.loc.gov/standards/marcxml/schema/MARC21slim.xsd"
    xmlns="http://www.loc.gov/MARC21/slim">

  <leader>01017na  a2200253   4500</leader>
  <controlfield tag="001">15917</controlfield>
  <controlfield tag="003">MIRAKIL</controlfield>
  <controlfield tag="005">20181213154937.0</controlfield>
  <controlfield tag="008">161108b        tu            000 0      </controlfield>
  <datafield tag="035" ind1=" " ind2=" ">
    <subfield code="a">15917</subfield>
  </datafield>
  <datafield tag="040" ind1=" " ind2=" ">
    <subfield code="a">Milas</subfield>
    <subfield code="b">tur</subfield>
    <subfield code="c">TR-AnCHP</subfield>
  </datafield>
  <datafield tag="082" ind1=" " ind2=" ">
    <subfield code="a">CHP 323.6</subfield>
    <subfield code="b">E13e 1975</subfield>
  </datafield>
  <datafield tag="090" ind1=" " ind2=" ">
    <subfield code="a">CHP 323.6 E13e 1975</subfield>
  </datafield>
  <datafield tag="100" ind1=" " ind2=" ">
    <subfield code="a">Ecevit, B&#xFC;lent</subfield>
    <subfield code="d">1925-2006</subfield>
  </datafield>
  <datafield tag="245" ind1=" " ind2=" ">
    <subfield code="a">E&#x11F;er bir &#xFC;lkede devlet dairelerinin...</subfield>
    <subfield code="c">B&#xFC;lent Ecevit </subfield>
  </datafield>
  <datafield tag="260" ind1=" " ind2=" ">
    <subfield code="a">Ankara</subfield>
    <subfield code="b">[yay.y.]</subfield>
    <subfield code="c">1975</subfield>
    <subfield code="f">Ajans-T&#xFC;rk Matbaac&#x131;l&#x131;k</subfield>
  </datafield>
  <datafield tag="300" ind1=" " ind2=" ">
    <subfield code="a">32 s.</subfield>
    <subfield code="c">16 sm.</subfield>
  </datafield>
  <datafield tag="500" ind1=" " ind2=" ">
    <subfield code="a">Kitab&#x131;n tam ad&#x131;: E&#x11F;er bir &#xFC;lkede devlet dairelerinin kap&#x131;lar&#x131;, bankalar&#x131;n kasalar&#x131;, kimi i&#xE7;in ard&#x131;na kadar a&#xE7;&#x131;k, k&#xF6;yl&#xFC; i&#xE7;in darac&#x131;k ise, o &#xFC;lkede halk iktidar&#x131; yok demektir.</subfield>
  </datafield>
  <datafield tag="500" ind1=" " ind2=" ">
    <subfield code="a">Bu kitap cumhuriyet halk partisi genel ba&#x15F;kan&#x131; B&#xFC;lent Ecevit'in konu&#x15F;malar&#x131;ndan olu&#x15F;maktad&#x131;r.</subfield>
  </datafield>
  <datafield tag="600" ind1=" " ind2=" ">
    <subfield code="a">Ecevit, B&#xFC;lent</subfield>
    <subfield code="x">Halk&#xE7;&#x131;l&#x131;k</subfield>
    <subfield code="y">Derlemeler</subfield>
  </datafield>
  <datafield tag="600" ind1=" " ind2=" ">
    <subfield code="a">Ecevit, B&#xFC;lent</subfield>
    <subfield code="x">Konu&#x15F;malar</subfield>
  </datafield>
  <datafield tag="610" ind1=" " ind2=" ">
    <subfield code="a">CHP</subfield>
    <subfield code="x">Halk&#xE7;&#x131;l&#x131;k</subfield>
    <subfield code="y">Derlemeler</subfield>
  </datafield>
  <datafield tag="942" ind1=" " ind2=" ">
    <subfield code="2">dcc</subfield>
    <subfield code="c">BKS</subfield>
  </datafield>
  <datafield tag="952" ind1=" " ind2=" ">
    <subfield code="a">0001</subfield>
    <subfield code="b">0001</subfield>
    <subfield code="d">2016-09-27</subfield>
    <subfield code="e">2</subfield>
    <subfield code="l">0</subfield>
    <subfield code="o">CHP 323.6 E13e 1975</subfield>
    <subfield code="p">004587</subfield>
    <subfield code="r">2016-09-27 00:00:00</subfield>
    <subfield code="v">0.00</subfield>
    <subfield code="w">2016-09-27</subfield>
    <subfield code="y">BKS</subfield>
  </datafield>
  <datafield tag="952" ind1=" " ind2=" ">
    <subfield code="a">0001</subfield>
    <subfield code="b">0001</subfield>
    <subfield code="d">2016-09-27</subfield>
    <subfield code="e">2</subfield>
    <subfield code="l">0</subfield>
    <subfield code="o">CHP 323.6 E13e 1975</subfield>
    <subfield code="p">004588</subfield>
    <subfield code="r">2016-09-27 00:00:00</subfield>
    <subfield code="t">k.2</subfield>
    <subfield code="v">0.00</subfield>
    <subfield code="w">2016-09-27</subfield>
    <subfield code="y">BKS</subfield>
  </datafield>
  <datafield tag="952" ind1=" " ind2=" ">
    <subfield code="a">0001</subfield>
    <subfield code="b">0001</subfield>
    <subfield code="d">2016-09-27</subfield>
    <subfield code="e">2</subfield>
    <subfield code="l">0</subfield>
    <subfield code="o">CHP 323.6 E13e 1975</subfield>
    <subfield code="p">004589</subfield>
    <subfield code="r">2016-09-27 00:00:00</subfield>
    <subfield code="t">k.3</subfield>
    <subfield code="v">0.00</subfield>
    <subfield code="w">2016-09-27</subfield>
    <subfield code="y">BKS</subfield>
  </datafield>
  <datafield tag="999" ind1=" " ind2=" ">
    <subfield code="c">3629</subfield>
    <subfield code="d">3629</subfield>
  </datafield>
</record>
